000 00476nam a2200205Ia 4500
003 OSt
005 20221005125902.0
006 a|||||r|||| 00| 0
007 ta
008 221004b |||||||| |||| 00| 0 eng d
024 _a114811
037 _cTextual
040 _aCRL
_cCRL
_beng
041 _2eng
_aeng
100 _aGupta C B
245 0 _aPrincipal and practice of management
260 _c1997
942 _cTEXL
_2cc
999 _c1055403
_d1055403